Country To Flag - Memory Game - Statistics

General Stats
  • This quiz has been taken 927 times
  • The average score is 8 of 16
Answers on the Map
Answers color-coded by a green-red scale on the quiz's map according to % correct below.
 
Answer Stats
Answer % Correct
Israel
64%
France
60%
Australia
57%
United States
53%
Japan
52%
Canada
51%
India
51%
Kuwait
50%
Kyrgyzstan
50%
Mongolia
49%
South Korea
49%
Philippines
47%
Russia
46%
Turkey
46%
United Kingdom
46%
Germany
45%
No matching quizzes found
Score Distribution
Percent of People with Each Score
Percentile by Number Answered
Your Score History
You have not taken this quiz